Biggest One-Word Countries - Statistics

General Stats
  • This quiz has been taken 227 times
  • The average score is 18 of 21
Answer Stats
km Country % Correct
9,984,670 Canada
98%
9,572,900 China
98%
17,098,242 Russia
98%
8,515,767 Brazil
96%
2,780,400 Argentina
95%
7,692,024 Australia
95%
3,287,263 India
95%
1,964,375 Mexico
89%
2,724,900 Kazakhstan
88%
2,381,741 Algeria
87%
1,904,569 Indonesia
85%
1,564,110 Mongolia
83%
1,648,195 Iran
80%
1,886,068 Sudan
80%
1,284,000 Chad
78%
1,285,216 Peru
76%
1,267,000 Niger
74%
1,141,748 Colombia
73%
1,759,540 Libya
72%
1,240,192 Mali
70%
1,246,700 Angola
62%
No matching quizzes found
Score Distribution
Percent of People with Each Score
Percentile by Number Answered
Your Score History
You have not taken this quiz